[Event "Hastings Masters op"]
[Site "Hastings"]
[Date "2024.01.02"]
[Round "6"]
[White "Flynn, David"]
[Black "Fryer, David W"]
[Result "1-0"]
[WhiteElo "1791"]
[BlackElo "1914"]
[PlyCount "137"]
[EventDate "2023.12.28"]
[EventType "swiss"]
[EventRounds "9"]
[EventCountry "ENG"]
[SourceTitle "CB02_2024"]
[SourceDate "2024.01.10"]
[SourceVersion "1"]
[SourceVersionDate "2024.01.10"]
[SourceQuality "1"]

1. e4 e5 2. Nf3 Nc6 3. d4 exd4 4. Nxd4 d6 5. Nc3 Bd7 6. Nde2 g6 7. Be3 Bg7 8. Qd2 a6 9. g3 Ne5 10. Ng1 b5 11. Bd4 Nf6 12. Qe2 0-0 13. Bg2 c6 14. 0-0-0 Qc7 15. f4 Nc4 16. b3 Qa5 17. bxc4 c5 18. Bxf6 Qa3+ 19. Kd2 Bxf6 20. Nd5 Bd4 21. Qd3 Qa5+ 22. Ke2 bxc4 23. Qd2 c3 24. Qc1 Bb5+ 25. Kf3 f5 26. Bf1 fxe4+ 27. Kg2 Rae8 28. Bxb5 axb5 29. Ne2 Bg7 30. Qb1 b4 31. Qb3 Kh8 32. Qc4 Qa4 33. Qb3 Qd7 34. Ne3 g5 35. Rhf1 h5 36. Qd5 Rf6 37. Qxg5 Qf7 38. Qd5 Qg6 39. Nc1 Ref8 40. Ne2 h4 41. Qg5 Qh7 42. Rh1 h3+ 43. Kf2 Rh6 44. Rhf1 Rg6 45. Qe7 Qh6 46. Rd5 Be5 47. Ke1 Re6 48. Qd7 Bg7 49. Nf5 Qf6 50. Qxg7+ Qxg7 51. Nxg7 Kxg7 52. Kf2 Ra8 53. Nc1 Kf7 54. Re1 Ra6 55. g4 Re8 56. Kg3 Rea8 57. Rxe4 Rxa2 58. Nxa2 Rxa2 59. Rf5+ Kg8 60. Re8+ Kg7 61. Re7+ Kg6 62. Re6+ Kg7 63. Rxd6 Rxc2 64. Rxc5 Re2 65. Rb6 b3 66. Rc7+ Kf8 67. Rb8+ Re8 68. Rxe8+ Kxe8 69. Rxc3 1-0